000 00451nam a2200181Ia 4500
005 20250326124028.0
008 250326s9999 xx 000 0 und d
037 _aTextbook
040 _aFMSL
_beng
_cFMSL
041 _aeng
_2eng
084 _aX L3
_qFMSL
100 _aStern R M
245 0 _aBalance of payments
_cStern R M
260 _aUS
_bUS, Macmillan
_c1973
300 _a436p
942 _cTB
_hX L3
999 _c1271958
_d1271958